| 000 | 00637nam a2200181Ia 4500 | ||
|---|---|---|---|
| 003 | GCL | ||
| 008 | 140319s9999 xx 000 0 ara d | ||
| 040 |
_aGCL / _cGCL |
||
| 082 | 0 | 4 |
_a111.85 _bم ق |
| 100 | 1 | _aمحمد عزيز نظمى سالم | |
| 245 | 1 | 0 |
_aقراءات فى عالم الجمال حول الاستطيقا النظرية والتطبيقية / _cمحمد عزيز نظمى سالم |
| 490 |
_aكتاب _v0 |
||
| 650 | 0 | 4 | _aالتعبيرية |
| 650 | 0 | 4 | _aعلم النفس الجماعى |
| 650 | 0 | 4 | _aعلم النفس الجمالى |
| 650 | 0 | 4 | _aالجمال - علم - تاريخ ونقد |
| 942 |
_2ddc _cBK |
||
| 999 |
_c41958 _d41958 |
||